Objective Chemistry; (Record no. 162775)

MARC details
000 -LEADER
fixed length control field 00650nam a22001937a 4500
005 - DATE AND TIME OF LATEST TRANSACTION
control field 20190320162852.0
010 ## - LCCN (DPL NO)
LC control number B-009993
020 ## - INTERNATIONAL STANDARD BOOK NUMBER
International Standard Book Number 8186877622
Terms of availability 170.00
035 ## - SYSTEM CONTROL NUMBER
System control number B-009993
082 ## - DEWEY DECIMAL CLASSIFICATION NUMBER
Classification number 540
100 ## - MAIN ENTRY--PERSONAL NAME
Personal name Gupta's R.
245 ## - TITLE STATEMENT
Title Objective Chemistry;
Remainder of title Includes Study Material with Multiple-Choice Type Questions /
Statement of responsibility, etc R.Gupta's
260 ## - PUBLICATION, DISTRIBUTION, ETC. (IMPRINT)
Place of publication, distribution, etc New Delhi
Name of publisher, distributor, etc Ramesh Publishing House
270 ## - ADDRESS
Address 12-H, New Daryaganj Road, Opp. Traffic Kotwali,
City New Delhi
Postal code 110002
Telephone number 3275124,3275224
300 ## - PHYSICAL DESCRIPTION
Extent vi,624p.
Other physical details ill H.b.
Dimensions 24cm.
490 ## - SERIES STATEMENT
Series statement RPH Medical Series
942 ## - ADDED ENTRY ELEMENTS (KOHA)
Source of classification or shelving scheme Dewey Decimal Classification
Item type English Books
Classification part 540
Call number suffix GUP
Holdings
Withdrawn status Lost status Not for loan Collection code Home library Current library Date acquired Cost, normal purchase price Full call number Barcode Cost, replacement price Koha item type
      Non-fiction Central Library Central Library 20/03/2019 170.00 540 GUP B-009993 170.00 English Books

© Delhi Public Library
Hit Counter
free hit counter